|
|
|
|
| LEADER |
00000nam0a2200000 4500 |
| 001 |
283814 |
| 005 |
20231101235632.0 |
| 035 |
|
|
|a (RuTPU)RU\TPU\book\307946
|
| 090 |
|
|
|a 283814
|
| 100 |
|
|
|a 20150211d1984 k y0rusy5003 ca
|
| 101 |
0 |
|
|a rus
|
| 102 |
|
|
|a RU
|
| 105 |
|
|
|a a z 001zy
|
| 200 |
1 |
|
|a Вопросы теплообмена в строительстве
|e межвузовский сборник
|f Ростовский инженерно-строительный институт
|
| 210 |
|
|
|a Ростов-на-Дону
|c Изд-во РИСИ
|d 1984
|
| 215 |
|
|
|a 107 с.
|c ил.
|
| 320 |
|
|
|a Библиография в конце статей
|
| 606 |
1 |
|
|a Теплообмен
|x Строительство
|2 stltpush
|3 (RuTPU)RU\TPU\subj\59757
|9 77256
|
| 610 |
1 |
|
|a строительная теплотехника
|
| 610 |
1 |
|
|a теплопроводность
|
| 610 |
1 |
|
|a металлы
|
| 610 |
1 |
|
|a термическая резка
|
| 610 |
1 |
|
|a строительные материалы
|
| 610 |
1 |
|
|a теплофизические свойства
|
| 675 |
|
|
|a 697.13
|z rus
|v 4
|
| 712 |
0 |
2 |
|a Ростовский инженерно-строительный институт
|2 stltpush
|3 (RuTPU)RU\TPU\col\10045
|9 24785
|
| 801 |
|
0 |
|a RU
|b RuMRKP
|c 19950704
|g psbo
|
| 801 |
|
1 |
|a RU
|b 63413507
|c 20150211
|
| 801 |
|
2 |
|a RU
|b 63413507
|c 20171004
|g RCR
|
| 942 |
|
|
|c BK
|